000
00307nam a22001217a 4500
999
_c
12111
_d
12111
020
_a
978-1-4987-8074-2
082
_a
618.92
100
_a
Nicky Dummett
245
_a
Overcoming Teenage low mood and depression a five areas approach
260
_a
New York
_b
Routlege
_c
2019
300
_a
250
942
_c
BK